[Event "59th World Juniors 2022"]
[Site "Cala Gonone ITA"]
[Date "2022.10.21"]
[Round "10.31"]
[White "Carlo, Emanuele"]
[Black "Veiga, Jose Francisco R P Neves"]
[Result "0-1"]
[WhiteTitle "FM"]
[BlackTitle "IM"]
[WhiteElo "2306"]
[BlackElo "2409"]
[WhiteFideId "2825380"]
[BlackFideId "1930087"]
[EventDate "2022.10.12"]

1. e4 e5 2. Nc3 Nc6 3. g3 Nf6 4. Bg2 Bc5 5. Nge2 a6 6. O-O d6 7. d3 Ba7 8. h3
Bd7 9. Kh1 Qc8 10. Kh2 h5 11. Nd5 Qd8 12. Nec3 Nxd5 13. Nxd5 h4 14. g4 Nd4 15.
f4 c6 16. Nc3 Qe7 17. f5 O-O-O 18. Be3 Kb8 19. Qd2 f6 20. a4 Be8 21. b4 Qc7 22.
Rfb1 Ka8 23. Nd1 Bf7 24. Qf2 c5 25. b5 Bb6 26. a5 Bxa5 27. bxa6 b5 28. Bxd4 cxd4
29. Rxb5 Bb6 30. c4 Rb8 31. Rab1 Be8 32. R5b3 Bc6 33. Qe1 Ba5 34. Rxb8+ Rxb8 35.
Rxb8+ Kxb8 36. Qxh4 Bd2 37. Qf2 Qa5 38. h4 Ka7 39. Bf3 Be1 40. Qe2 Bxh4 41. Nf2
Kxa6 42. Kh3 Bg5 43. Nd1 Bd2 44. Qf1 Qa1 45. Be2 Ba4 46. Kg2 Ka5 47. Qh1 Kb4 48.
Qf1 Bc2 49. Kg3 Bf4+ 50. Kg2 Qc1 51. Qe1+ Bd2 52. Qf1 Kb3 53. Qh1 Bg5 54. Qf1
Qd2 55. Kg3 Bxd1 56. Bxd1+ Kc3 57. Be2 Qf4+ 58. Qxf4 Bxf4+ 59. Kf3 Kd2 60. Bf1
Be3 0-1

[Event "59th World Juniors 2022"]
[Site "Cala Gonone ITA"]
[Date "2022.10.21"]
[Round "10.32"]
[White "Hercegovac, Neven"]
[Black "Peyrer, Konstantin"]
[Result "0-1"]
[BlackTitle "FM"]
[WhiteElo "2175"]
[BlackElo "2402"]
[WhiteFideId "2839135"]
[BlackFideId "1640879"]
[EventDate "2022.10.12"]

1. e4 e5 2. Nf3 Nc6 3. Nc3 Nf6 4. a3 d5 5. Bb5 Nxe4 6. Qe2 Qd6 7. Nxe4 dxe4 8.
Qxe4 Bd7 9. d4 f5 10. Qe2 e4 11. Bxc6 bxc6 12. Ne5 Be7 13. Bf4 O-O 14. Qc4+ Be6
15. Qxc6 Bd5 16. Qc3 Qe6 17. Rc1 c5 18. dxc5 g5 19. Qg3 Kh8 20. Bd2 f4 21. Qg4
Rf5 22. c4 Rxe5 23. Qxe6 Bxe6 24. Bc3 Bf6 25. Bxe5 Bxe5 26. Rc2 e3 27. fxe3 fxe3
28. Ke2 Bd4 29. b4 Bg4+ 30. Kd3 Rd8 31. Ke4 Bh5 32. Ra2 Bg6+ 33. Kf3 Rf8+ 34.
Ke2 Rf2+ 0-1

[Event "59th World Juniors 2022"]
[Site "Cala Gonone ITA"]
[Date "2022.10.21"]
[Round "10.33"]
[White "Vestby-Ellingsen, Mads"]
[Black "Gaal, Zsoka"]
[Result "1-0"]
[WhiteTitle "IM"]
[BlackTitle "WIM"]
[WhiteElo "2365"]
[BlackElo "2298"]
[WhiteFideId "1520857"]
[BlackFideId "777765"]
[EventDate "2022.10.12"]

1. e4 c6 2. c4 d5 3. cxd5 cxd5 4. e5 Nc6 5. d4 Bf5 6. Bd3 Bxd3 7. Qxd3 e6 8. Nc3
Bb4 9. Nf3 Nge7 10. O-O Bxc3 11. bxc3 h6 12. h4 Rc8 13. h5 b6 14. Nh4 O-O 15. g4
Qe8 16. Qh3 f6 17. exf6 Rxf6 18. g5 hxg5 19. Bxg5 Rf8 20. Qxe6+ Qf7 21. Rae1
Qxe6 22. Rxe6 Nf5 23. Ng6 Rfe8 24. Rxe8+ Rxe8 25. Nf4 b5 26. Nxd5 b4 27. Nxb4
Nxb4 28. cxb4 Nxd4 29. Be3 Ne2+ 30. Kg2 a6 31. a4 Nc3 32. Bd2 Nxa4 33. Ra1 Nb2
34. Rxa6 Re2 35. Be3 Nc4 36. Kf3 Rb2 37. Bc5 Ne5+ 38. Ke4 Re2+ 39. Be3 Nd7 40.
b5 Rb2 41. b6 Rb5 42. Ra7 Nf6+ 43. Kd3 Nxh5 44. Kc4 Rb2 45. Bd4 Rb1 46. b7 Kh7
47. Be5 Rc1+ 48. Kd3 1-0

[Event "59th World Juniors 2022"]
[Site "Cala Gonone ITA"]
[Date "2022.10.21"]
[Round "10.34"]
[White "Galaviz Medina, Sion Radamantys"]
[Black "Asllani, Dorian"]
[Result "1-0"]
[WhiteTitle "IM"]
[WhiteElo "2345"]
[BlackElo "2202"]
[WhiteFideId "5123119"]
[BlackFideId "1341332"]
[EventDate "2022.10.12"]

1. d4 d5 2. c4 e6 3. Nc3 Nf6 4. cxd5 exd5 5. Bg5 Nbd7 6. e3 c6 7. Bd3 Be7 8.
Nge2 O-O 9. O-O Re8 10. Qc2 h6 11. Bf4 Nf8 12. h3 Bd6 13. Rad1 Bxf4 14. Nxf4 Qd6
15. Rfe1 Bd7 16. Bf1 Re7 17. a3 Rae8 18. Qa4 b6 19. Nd3 Ng6 20. Qxa7 Bxh3 21.
Qxb6 Ng4 22. Ne5 N6xe5 23. dxe5 Qxe5 24. f4 Qh5 25. gxh3 Nxe3 26. Rxe3 Rxe3 27.
Qxc6 Qh4 28. Qxd5 Rg3+ 29. Bg2 Qxh3 30. Kf1 Qg4 31. Rd2 Qxf4+ 32. Rf2 Qc1+ 33.
Nd1 Qc7 34. Nc3 Rge3 35. Be4 Qe7 36. Rf4 Rd8 37. Qf5 g6 38. Nd5 gxf5 39. Nxe7+
Kf8 40. Nxf5 Rh3 41. Rf2 Rd1+ 42. Kg2 Rhh1 43. a4 Ra1 44. Bc6 h5 45. Kg3 Rhc1
46. Bb5 Rg1+ 47. Kf4 Rae1 48. Rc2 Kg8 49. Rc8+ Kh7 50. Bd3 Rg4+ 51. Kf3 Rxa4 52.
Ne7+ f5 53. Nxf5 Rb4 54. Ng3+ Kh6 55. Rc6+ Kg7 56. Nxh5+ Kf7 57. Bc4+ Ke7 58. b3
Rb1 59. Re6+ Kd8 60. Re3 Rh1 61. Nf4 Rc1 62. Ne6+ Kd7 63. Rd3+ Ke7 64. Bd5 Rf1+
65. Ke2 Rc1 66. Kd2 Rc8 67. Nd4 Rb6 68. Bc4 Kf6 69. Kc3 Rb7 70. Re3 Rd8 71. b4
Rxd4 72. Kxd4 Rxb4 73. Rf3+ Ke7 74. Kc5 Rb1 75. Rf7+ Ke8 76. Rh7 Rc1 77. Kd5 Kf8
78. Rc7 Re1 79. Kd6 Re3 80. Rf7+ Ke8 81. Rf1 Kd8 82. Ra1 Kc8 83. Bd5 Kd8 84.
Ra8# 1-0

[Event "59th World Juniors 2022"]
[Site "Cala Gonone ITA"]
[Date "2022.10.21"]
[Round "10.36"]
[White "Kanyamarala, Tarun"]
[Black "Oye-Stromberg, Alexander"]
[Result "0-1"]
[WhiteTitle "IM"]
[BlackTitle "FM"]
[WhiteElo "2407"]
[BlackElo "2233"]
[WhiteFideId "45004714"]
[BlackFideId "1525999"]
[EventDate "2022.10.12"]

1. d4 Nf6 2. c4 e6 3. Nc3 Bb4 4. a3 Bxc3+ 5. bxc3 b6 6. f3 Nc6 7. e4 d6 8. Bd3
Na5 9. Bg5 h6 10. Bh4 e5 11. Ne2 Ba6 12. O-O g5 13. Bf2 Nh5 14. c5 Bxd3 15. Qxd3
dxc5 16. Qc2 O-O 17. dxc5 Qe7 18. c4 Qe6 19. Rac1 Rfd8 20. Nc3 Qxc4 21. Nd5 Qxc2
22. Rxc2 c6 23. Ne7+ Kf8 24. Nf5 b5 25. a4 Nc4 26. axb5 cxb5 27. c6 Rac8 28. g4
Nf4 29. Bc5+ Kg8 30. Ne7+ Kg7 31. Nxc8 Rxc8 32. Rb1 a6 33. Rd1 Rxc6 34. Be7 Re6
35. Rd7 Rc6 36. Rd8 Ne6 37. Ra8 Nd4 38. Ra2 a5 39. Kf2 b4 40. h4 b3 41. Bf8+ Kh7
42. Ra1 Nb6 43. R8xa5 Rc2+ 44. Ke3 Nc4+ 45. Kd3 Nb2+ 46. Ke3 Re2# 0-1

[Event "59th World Juniors 2022"]
[Site "Cala Gonone ITA"]
[Date "2022.10.21"]
[Round "10.37"]
[White "Avila Rodriguez, Joshua Ad"]
[Black "Chukavin, Kirill"]
[Result "1/2-1/2"]
[WhiteTitle "CM"]
[BlackTitle "FM"]
[WhiteElo "2225"]
[BlackElo "2384"]
[WhiteFideId "5126444"]
[BlackFideId "4503023"]
[EventDate "2022.10.12"]

1. e4 c5 2. Nf3 Nc6 3. d4 cxd4 4. Nxd4 Qb6 5. Nb3 Nf6 6. Nc3 e6 7. a3 Be7 8. Bf4
O-O 9. e5 Ne8 10. Bd3 f6 11. exf6 Bxf6 12. Qd2 d5 13. O-O Qd8 14. Bg3 Kh8 15.
Be2 Nd6 16. Bxd6 Qxd6 17. Ne4 Qe5 18. Nxf6 Qxf6 19. c4 Rd8 20. Qc2 d4 21. Rad1
e5 22. Bd3 g6 23. Nd2 Bf5 24. b4 Rac8 25. Rfe1 a5 26. Rb1 b6 27. Ne4 Qe7 28. Qd2
axb4 29. axb4 Ra8 30. c5 bxc5 31. Nxc5 Rdb8 32. f4 Qd6 33. fxe5 Nxe5 34. Bxf5
gxf5 35. Qf4 Nc4 36. Qxd6 Nxd6 37. Ne6 Ra4 38. Nxd4 Rbxb4 39. Rxb4 Rxb4 40. Rd1
Rb6 41. Rf1 Kg7 42. Nxf5+ Nxf5 43. Rxf5 Kg6 44. Rf2 Rb1+ 45. Rf1 Rb2 46. Re1 h5
47. Kf1 Kf5 48. Re2 Rxe2 49. Kxe2 Ke4 50. Kf2 h4 51. Ke2 Kf4 52. Kf1 h3 53. g3+
Kf3 54. Kg1 Ke3 55. Kf1 Kf3 56. Ke1 Kg2 57. g4 Kxh2 58. Kf2 Kh1 59. g5 h2 60. g6 1/2-1/2

[Event "59th World Juniors 2022"]
[Site "Cala Gonone ITA"]
[Date "2022.10.21"]
[Round "10.38"]
[White "Stankovic, Dragan"]
[Black "Raahul, V S"]
[Result "0-1"]
[BlackTitle "IM"]
[WhiteElo "2181"]
[BlackElo "2333"]
[WhiteFideId "14408740"]
[BlackFideId "25035525"]
[EventDate "2022.10.12"]

1. e4 e6 2. d4 d5 3. Bd3 dxe4 4. Bxe4 Nf6 5. Bf3 Nbd7 6. Ne2 e5 7. Nbc3 Bd6 8.
O-O O-O 9. Bg5 h6 10. Bh4 Re8 11. dxe5 Nxe5 12. Bd5 Ng6 13. Bg3 Bg4 14. f3 Nxd5
15. Qxd5 Be6 16. Qd1 Bxg3 17. Nxg3 Qg5 18. Qc1 Nf4 19. Nce4 Qe5 20. Re1 Rad8 21.
Nf2 Qg5 22. Nfe4 Qh4 23. Qe3 b6 24. Qc3 Bh3 25. gxh3 Qxh3 26. Re2 Rxe4 27. Rf2
Red4 28. Raf1 Rd1 29. Qe5 Rxf1+ 30. Nxf1 Qh4 31. Rd2 Ne6 32. Rxd8+ Qxd8 33. Kf2
Qh4+ 34. Ke2 Qc4+ 35. Ke1 Qxc2 36. Ne3 Qb1+ 37. Kf2 Qxa2 38. Qb5 c6 39. Qb4 Qb1
40. f4 c5 41. Qb5 Nxf4 42. Qe8+ Kh7 43. Kf3 Ng6 0-1

[Event "59th World Juniors 2022"]
[Site "Cala Gonone ITA"]
[Date "2022.10.21"]
[Round "10.39"]
[White "Martins, Bruno Andre Leite"]
[Black "Johannsson, Birkir Isak"]
[Result "1/2-1/2"]
[WhiteTitle "FM"]
[WhiteElo "2306"]
[BlackElo "2165"]
[WhiteFideId "1942255"]
[BlackFideId "2314673"]
[EventDate "2022.10.12"]

1. e4 e5 2. Nf3 Nc6 3. Bb5 a6 4. Ba4 Nf6 5. O-O Be7 6. d3 b5 7. Bb3 d6 8. a3 Na5
9. Ba2 c5 10. Nc3 Be6 11. Nd5 Nxd5 12. Bxd5 Bxd5 13. exd5 O-O 14. b4 Nb7 15. c3
Qd7 16. Qb3 h6 17. Be3 Rfc8 18. Nd2 a5 19. bxc5 Nxc5 20. Bxc5 Rxc5 21. a4 bxa4
22. Qa3 Rxd5 23. c4 Rc5 24. Ne4 Rcc8 25. Nc3 d5 26. Qxa4 Qxa4 27. Rxa4 dxc4 28.
dxc4 Bb4 29. Nd5 Rab8 30. Rc1 Rb5 31. Raa1 Rb7 32. g3 f6 33. Rcb1 Rxc4 34. Rxa5
Rc1+ 35. Rxc1 Bxa5 36. Rc5 Bb6 37. Rc8+ Kh7 38. Nxb6 Rxb6 39. h4 h5 40. Rc7 Kg6
41. Re7 Rb8 42. Kg2 Rf8 43. Ra7 Rf7 44. Ra8 Rb7 45. Ra5 Kf5 46. Ra4 g6 47. Ra6
Rb4 48. Kf3 g5 49. hxg5 Kxg5 50. Ra8 h4 51. Rg8+ Kf5 52. gxh4 Rxh4 53. Kg3 Ra4
54. f3 Ra2 55. Rb8 Rd2 56. Rb6 Rd3 57. Kf2 Kg5 58. Ke2 Ra3 59. Rb4 f5 60. Kf2
Rd3 61. Rb5 Kf4 62. Rb4+ e4 63. fxe4 fxe4 64. Rb2 Rh3 65. Kg2 Rh8 66. Rb3 Rd8
67. Kf1 Rd3 68. Rb2 Kf3 69. Rf2+ Ke3 70. Re2+ Kd4 71. Ra2 Rb3 72. Ke2 Rb4 73.
Ra3 Rb2+ 74. Ke1 e3 75. Ra8 Rb1+ 1/2-1/2

[Event "59th World Juniors 2022"]
[Site "Cala Gonone ITA"]
[Date "2022.10.21"]
[Round "10.40"]
[White "Guz, Ari"]
[Black "Urbani, Gabriel"]
[Result "1-0"]
[WhiteTitle "FM"]
[WhiteElo "2305"]
[BlackElo "2129"]
[WhiteFideId "2825759"]
[BlackFideId "2830138"]
[EventDate "2022.10.12"]

1. d4 d5 2. Nc3 Nf6 3. Bf4 e6 4. Nb5 Na6 5. e3 c6 6. Nc3 Qb6 7. Rb1 Be7 8. Nf3
O-O 9. Be2 c5 10. O-O c4 11. Ne5 Nd7 12. e4 Nxe5 13. Bxe5 Qc6 14. Bf3 Rd8 15.
Re1 Bf8 16. Qd2 b5 17. exd5 exd5 18. Bxg7 Bxg7 19. Nxd5 Rxd5 20. Bxd5 Qxd5 21.
Re8+ Bf8 22. Qh6 Qxg2+ 23. Kxg2 Bb7+ 24. Kh3 Rxe8 25. Rg1+ Kh8 26. Qf6+ 1-0

[Event "59th World Juniors 2022"]
[Site "Cala Gonone ITA"]
[Date "2022.10.21"]
[Round "10.41"]
[White "Wartiovaara, Oliver"]
[Black "Carroll, Peter"]
[Result "1-0"]
[BlackTitle "CM"]
[WhiteElo "2297"]
[BlackElo "2115"]
[WhiteFideId "513024"]
[BlackFideId "2510243"]
[EventDate "2022.10.12"]

1. e4 c5 2. Nf3 d6 3. Nc3 Nf6 4. e5 dxe5 5. Nxe5 Nbd7 6. d4 Nxe5 7. dxe5 Qxd1+
8. Kxd1 Ng4 9. Bb5+ Bd7 10. e6 Bxb5 11. Nxb5 O-O-O+ 12. Ke2 a6 13. Nc3 b6 14.
exf7 g6 15. a4 Bg7 16. Ne4 h6 17. a5 Kb7 18. axb6 Kxb6 19. Bd2 Rd4 20. f3 Nf6
21. Be3 Rd5 22. Nxc5 1-0

[Event "59th World Juniors 2022"]
[Site "Cala Gonone ITA"]
[Date "2022.10.21"]
[Round "10.42"]
[White "Ansat, Aldiyar"]
[Black "Pennica, Andrea"]
[Result "1-0"]
[WhiteTitle "IM"]
[WhiteElo "2262"]
[BlackElo "2037"]
[WhiteFideId "13715658"]
[BlackFideId "2816828"]
[EventDate "2022.10.12"]

1. e4 e6 2. d4 d5 3. Nc3 Bb4 4. e5 c5 5. a3 Bxc3+ 6. bxc3 Qc7 7. Nf3 Ne7 8. a4
b6 9. Bb5+ Bd7 10. Bd3 Nbc6 11. O-O c4 12. Be2 Nf5 13. Qd2 h5 14. Qg5 Nce7 15.
Ba3 O-O-O 16. Bxe7 f6 17. Bxd8 Qxd8 18. Qc1 g5 19. exf6 g4 20. Ne5 Qxf6 21. a5
b5 22. Qa3 1-0

[Event "59th World Juniors 2022"]
[Site "Cala Gonone ITA"]
[Date "2022.10.21"]
[Round "10.43"]
[White "Nouri, Alekhine"]
[Black "Karsten, Jan"]
[Result "1/2-1/2"]
[WhiteTitle "FM"]
[WhiteElo "2251"]
[BlackElo "1985"]
[WhiteFideId "5216184"]
[BlackFideId "14350653"]
[EventDate "2022.10.12"]

1. e4 c5 2. Nf3 d6 3. d4 cxd4 4. Nxd4 Nf6 5. Nc3 a6 6. Qe2 e5 7. Nf5 d5 8. Bg5
d4 9. O-O-O Nc6 10. Qf3 Qa5 11. Bxf6 dxc3 12. Bc4 Qb4 13. Bb3 gxf6 14. a3 cxb2+
15. Kb1 Qxa3 16. Bxf7+ Kxf7 17. Qh5+ Ke6 18. Qe8+ Ne7 19. Rd6+ Qxd6 20. Nxd6
Kxd6 21. Qf7 Kc7 22. h4 Bd7 23. Qxf6 Ng6 24. h5 Be7 25. Qf7 Raf8 26. Qc4+ Bc6
27. hxg6 hxg6 28. Rxh8 Rxh8 29. Qf7 Kd7 30. Qxg6 Rf8 31. Qg4+ Kc7 32. Qg7 Kd6
33. f3 Bd7 34. Kxb2 Be6 35. Qh6 Kd7 36. Qg7 Rf7 37. Qh8 Rf8 38. Qg7 b5 39. Kb1
Kd6 40. Qh6 Kd7 41. Qg7 b4 42. Qxe5 Bf6 43. Qc5 Rc8 44. Qa7+ Rc7 45. Qxa6 Bc3
46. e5 Bxe5 47. Qb5+ Kd6 48. Qxb4+ 1/2-1/2

[Event "59th World Juniors 2022"]
[Site "Cala Gonone ITA"]
[Date "2022.10.21"]
[Round "10.44"]
[White "Ramoutar, Alan-Safar"]
[Black "Gagic, Milan A"]
[Result "1/2-1/2"]
[WhiteTitle "IM"]
[WhiteElo "2449"]
[BlackElo "2125"]
[WhiteFideId "7704224"]
[BlackFideId "979805"]
[EventDate "2022.10.12"]

1. Nf3 Nf6 2. d4 c5 3. d5 d6 4. Nc3 g6 5. e4 Bg7 6. Bb5+ Nbd7 7. a4 O-O 8. O-O
Ne8 9. Re1 Nc7 10. Bf1 b6 11. Bf4 a6 12. Qd2 Rb8 13. e5 dxe5 14. Nxe5 Nxe5 15.
Bxe5 Bxe5 16. Rxe5 Qd6 17. Rae1 e6 18. Qh6 f6 19. R5e4 Nxd5 20. Bc4 Nxc3 21.
Bxe6+ Bxe6 22. Rxe6 Qd8 23. Re7 Ne2+ 24. R7xe2 Rb7 25. h4 Rd7 26. Qe3 Rd1 27.
Qe6+ Kh8 28. Qc4 a5 29. g3 Rxe1+ 30. Rxe1 Re8 31. Rxe8+ Qxe8 32. Qf4 Qc6 33. g4
Kg7 34. h5 gxh5 35. gxh5 Qe6 36. Qh4 Kh6 37. Kf1 Qe5 38. b3 Qf5 39. Ke1 Qe5+ 40.
Kf1 Qd4 41. Qh2 Qa1+ 42. Kg2 Qe5 43. Qh3 Qe4+ 44. Kg1 f5 45. Qh2 Qg4+ 46. Kf1
Qd1+ 47. Kg2 Qg4+ 48. Kf1 f4 49. Ke1 f3 50. Kd2 Qd4+ 1/2-1/2

[Event "59th World Juniors 2022"]
[Site "Cala Gonone ITA"]
[Date "2022.10.21"]
[Round "10.45"]
[White "Gatineau, Yovann"]
[Black "Cotic, Borna"]
[Result "1-0"]
[WhiteTitle "IM"]
[WhiteElo "2375"]
[BlackElo "2133"]
[WhiteFideId "26028999"]
[BlackFideId "14542307"]
[EventDate "2022.10.12"]

1. e4 c5 2. Nf3 e6 3. d4 cxd4 4. Nxd4 Nc6 5. Bf4 d6 6. Nxc6 bxc6 7. c4 e5 8. Bc1
Nf6 9. Nc3 Be7 10. Bd3 O-O 11. O-O Be6 12. Qc2 Nd7 13. Rd1 Nc5 14. Be2 f5 15.
Be3 Nxe4 16. Nxe4 fxe4 17. Qxe4 Qc7 18. Bg4 Bf7 19. Rac1 Rad8 20. Bf5 g6 21. Qg4
Kh8 22. Bh6 Rg8 23. Be4 Qc8 24. Qf3 Be6 25. h3 c5 26. Rc3 Bf5 27. Bb7 Qd7 28.
Bc6 Qc8 29. Ra3 Qb8 30. Rb3 Qc8 31. Rb7 Bf8 32. Bg5 e4 33. Bxe4 Rd7 34. Rxd7
Qxd7 35. Bd5 Rg7 36. g4 Be7 37. Bh6 Be6 38. Re1 Bxd5 1-0

[Event "59th World Juniors 2022"]
[Site "Cala Gonone ITA"]
[Date "2022.10.21"]
[Round "10.46"]
[White "Stolyarsky, Yegor"]
[Black "Dauw, Sterre"]
[Result "0-1"]
[BlackTitle "FM"]
[WhiteElo "1987"]
[BlackElo "2287"]
[WhiteFideId "2814595"]
[BlackFideId "248886"]
[EventDate "2022.10.12"]

1. d4 Nf6 2. c4 e6 3. Nf3 d5 4. g3 Bb4+ 5. Bd2 Be7 6. Bg2 O-O 7. O-O Nbd7 8. Qc2
c6 9. Bf4 b6 10. Rd1 a5 11. Ne5 Nxe5 12. dxe5 Nd7 13. cxd5 cxd5 14. e4 d4 15.
Rxd4 Bc5 16. Rd1 g5 17. Bc1 Qe7 18. Qd2 h6 19. h4 Nxe5 20. hxg5 Ng4 21. Rf1 Ba6
22. Qd1 h5 23. Bh3 Rad8 24. Bd2 Qc7 25. Kh1 Bxf1 26. Bxg4 hxg4 27. Qxf1 Qe5 28.
Qe1 Qxb2 29. Bc3 Qxf2 30. Qxf2 Bxf2 31. Kg2 Bd4 32. a4 Bxc3 0-1

[Event "59th World Juniors 2022"]
[Site "Cala Gonone ITA"]
[Date "2022.10.21"]
[Round "10.47"]
[White "Bettalli, Francesco"]
[Black "Ballesteros Cardenas, Leonardo"]
[Result "1/2-1/2"]
[WhiteTitle "FM"]
[BlackTitle "CM"]
[WhiteElo "2267"]
[BlackElo "2121"]
[WhiteFideId "2816453"]
[BlackFideId "3428141"]
[EventDate "2022.10.12"]

1. d4 Nf6 2. c4 e6 3. Nc3 Bb4 4. e3 O-O 5. Bd2 d5 6. Nf3 Re8 7. Rc1 b6 8. cxd5
exd5 9. Bd3 Bf8 10. Ne5 c5 11. O-O Bb7 12. f4 Nc6 13. Be1 cxd4 14. exd4 Nxd4 15.
Bh4 Nc6 16. Bxf6 Qxf6 17. Nxd5 Qh6 18. Nxc6 Bxc6 19. Nc7 Bc5+ 20. Kh1 Re3 21.
Bf5 Rf8 22. Nd5 Bxd5 23. Qxd5 Qf6 24. Bc2 Rd8 25. Qg5 Be7 26. Qb5 Bc5 27. b4 Bf8
28. Bb3 Re4 29. Rc7 Re7 30. Rxe7 Qxe7 31. Qc4 Rd7 32. a3 Rc7 33. Qd3 Rd7 34. Qc4
Qd6 35. Bc2 Qd4 36. Qb5 Rc7 37. Qd3 Qxd3 38. Bxd3 Rc3 39. Rf3 g6 40. Be2 Rc2 41.
Bd1 Ra2 42. Rd3 1/2-1/2

[Event "59th World Juniors 2022"]
[Site "Cala Gonone ITA"]
[Date "2022.10.21"]
[Round "10.48"]
[White "Nemeth, Zalan"]
[Black "Gov, Guy"]
[Result "0-1"]
[WhiteElo "2247"]
[BlackElo "2121"]
[WhiteFideId "2512041"]
[BlackFideId "2820200"]
[EventDate "2022.10.12"]

1. d4 Nf6 2. c4 e6 3. Nf3 d5 4. g3 dxc4 5. Bg2 a6 6. a4 Nc6 7. O-O Rb8 8. b3
cxb3 9. Bb2 Bb4 10. Qxb3 Qd5 11. Qd1 Qh5 12. h3 O-O 13. Na3 Rd8 14. g4 Qg6 15.
Nc4 Nd5 16. Qc1 Bd6 17. Re1 Nf4 18. Bf1 Nd5 19. Nxd6 cxd6 20. e4 Ndb4 21. Bc3 a5
22. Nh4 Qf6 23. g5 Qe7 24. d5 Ne5 25. Qd2 h6 26. f4 hxg5 27. fxe5 gxh4 28. Qg2
g6 29. Rad1 exd5 30. exd5 Bf5 31. exd6 Qxd6 32. Re5 Bc2 33. Rd2 Rbc8 34. Bd4 f6
35. Rh5 Qg3 36. Qxg3 hxg3 37. Rh4 Rxd5 38. Rg2 g5 39. Rxg3 Kf7 40. Rhg4 Bf5 41.
Bg2 Rd7 42. Be3 Rd1+ 43. Kh2 Bxg4 44. Rxg4 Re8 45. Bb6 Re2 46. Kg3 Rd3+ 47. Bf3
Nc6 0-1

[Event "59th World Juniors 2022"]
[Site "Cala Gonone ITA"]
[Date "2022.10.21"]
[Round "10.49"]
[White "Winkelman, Albert"]
[Black "van der Merwe, Alexander"]
[Result "1-0"]
[WhiteTitle "FM"]
[WhiteElo "2229"]
[BlackElo "1746"]
[WhiteFideId "3219941"]
[BlackFideId "14323842"]
[EventDate "2022.10.12"]

1. e4 c5 2. Nf3 d6 3. d4 cxd4 4. Nxd4 Nf6 5. Nc3 a6 6. h3 e5 7. Nb3 Be7 8. g4 h6
9. Be3 Nbd7 10. Qf3 b5 11. a3 Nb6 12. O-O-O Be6 13. Nc5 Bc4 14. Nd3 Qc7 15. h4
h5 16. g5 Nfd7 17. Nb4 Be6 18. g6 f6 19. Bh3 Bxh3 20. Qxh3 Nf8 21. Bxb6 Qxb6 22.
Nbd5 Qb7 23. Ne3 Nxg6 24. Qg3 Nf4 25. Qxg7 Rf8 26. Ncd5 Rf7 27. Qh8+ Kd7 28.
Qxa8 Qxa8 29. Nb6+ Kc7 30. Nxa8+ Kb7 31. Nf5 d5 32. exd5 Kxa8 33. d6 Bd8 34. Kb1
Kb7 35. Rhg1 Ne6 36. Rg8 Kc6 37. Re8 Kd7 38. Re7+ Bxe7 39. dxe7+ Ke8 40. Rd6
Rxe7 41. Nxe7 Kxe7 42. Rxa6 Nc5 43. Rb6 Ne4 44. Rxb5 Nxf2 45. a4 e4 46. a5 e3
47. Rb3 Ng4 48. Kc1 f5 49. a6 f4 50. a7 1-0

[Event "59th World Juniors 2022"]
[Site "Cala Gonone ITA"]
[Date "2022.10.21"]
[Round "10.50"]
[White "Sitbon, Itay"]
[Black "Liloni, Francesco Mattia"]
[Result "1-0"]
[WhiteElo "2133"]
[BlackElo "1876"]
[WhiteFideId "2820706"]
[BlackFideId "2872264"]
[EventDate "2022.10.12"]

1. e4 e5 2. Nc3 Nf6 3. f4 d5 4. fxe5 Nxe4 5. Qf3 Nc6 6. Bb5 Nxc3 7. dxc3 Qh4+ 8.
g3 Qe4+ 9. Qxe4 dxe4 10. Bf4 Bd7 11. Bxc6 Bxc6 12. Ne2 O-O-O 13. Rf1 Be7 14. Nd4
Bd7 15. Be3 f6 16. e6 Be8 17. Nf5 Bd6 18. Nxg7 Bg6 19. Bd4 Rhg8 20. Nf5 Bxf5 21.
Rxf5 Rde8 22. Rxf6 a6 23. Rh6 Re7 24. Ke2 Rg6 25. Rxg6 hxg6 26. Rf1 c5 27. Be3
Rxe6 28. Rf7 b6 29. Bf4 Be7 30. h4 b5 31. Rg7 c4 32. Rh7 Kd8 33. g4 Ke8 34. h5
gxh5 35. gxh5 Kf8 36. Rh6 Kf7 37. Rxe6 Kxe6 38. h6 Bf6 39. Be3 Kf7 40. Bd4 a5
41. h7 1-0

[Event "59th World Juniors 2022"]
[Site "Cala Gonone ITA"]
[Date "2022.10.21"]
[Round "10.51"]
[White "Tripodi, Enzo"]
[Black "Candian, Lorenzo"]
[Result "0-1"]
[WhiteElo "2113"]
[BlackElo "2022"]
[WhiteFideId "2822674"]
[BlackFideId "2863664"]
[EventDate "2022.10.12"]

1. e4 c5 2. Nc3 Nc6 3. Nf3 d6 4. Bb5 e5 5. O-O Ne7 6. Re1 g6 7. d3 Bg7 8. Bg5 a6
9. Bc4 h6 10. Be3 O-O 11. a3 Nd4 12. Ne2 Nxf3+ 13. gxf3 g5 14. b4 b6 15. Rb1 Ng6
16. Bd5 Nh4 17. Bxa8 Qd7 18. Kh1 Qh3 19. Nf4 gxf4 20. Rg1 Nxf3 21. Rg2 Bg4 22.
Bd5 fxe3 23. fxe3 Nxh2 24. Rxh2 Bf3+ 25. Qxf3 Qxf3+ 26. Rg2 Kh7 27. Kh2 Bf6 28.
Rg3 Qf2+ 29. Kh3 Qxc2 30. Rf1 Bg5 31. Bxf7 Kg7 32. Rgf3 Qxd3 33. Bd5 Qxf1+ 0-1

[Event "59th World Juniors 2022"]
[Site "Cala Gonone ITA"]
[Date "2022.10.21"]
[Round "10.52"]
[White "Vairo, Rocco Enrico"]
[Black "Djurovic, Peko"]
[Result "0-1"]
[WhiteElo "1960"]
[BlackElo "2084"]
[WhiteFideId "2839437"]
[BlackFideId "16503902"]
[EventDate "2022.10.12"]

1. e4 c5 2. c3 Nf6 3. e5 Nd5 4. d4 cxd4 5. cxd4 Nc6 6. Nf3 d6 7. Bc4 Nb6 8. Bb5
dxe5 9. Nxe5 Bd7 10. Nxd7 Qxd7 11. Nc3 a6 12. Bxc6 Qxc6 13. d5 Qd6 14. Be3 Rd8
15. Bxb6 Qxb6 16. Qa4+ Rd7 17. O-O g6 18. Rac1 Bh6 19. Rc2 Qd8 20. Re2 O-O 21.
Rfe1 Bg7 22. Qb4 Re8 23. g3 b5 24. a3 Bxc3 25. bxc3 Rxd5 26. Rxe7 Rxe7 27. Qxe7
Qxe7 28. Rxe7 Rd1+ 29. Kg2 Ra1 30. c4 Rxa3 31. cxb5 axb5 32. Rb7 Rb3 33. Kf1 b4
34. h4 Rb1+ 35. Kg2 b3 36. g4 Kf8 37. f4 Ke8 38. Kh2 b2 39. Kg2 Kd8 40. Kh2 Kc8
41. Rb4 Kc7 42. Kg2 f5 43. gxf5 gxf5 44. Kh2 Kc6 45. h5 h6 46. Rb8 Kd5 47. Rb4
Kc5 48. Rb8 Kd4 49. Rb4+ Kc3 50. Rb8 Re1 51. Rc8+ Kd4 0-1

[Event "59th World Juniors 2022"]
[Site "Cala Gonone ITA"]
[Date "2022.10.21"]
[Round "10.53"]
[White "Javornik, Nik"]
[Black "Dimakis, Stavros"]
[Result "0-1"]
[WhiteElo "2064"]
[BlackElo "1832"]
[WhiteFideId "14636549"]
[BlackFideId "25879472"]
[EventDate "2022.10.12"]

1. e4 e6 2. d4 d5 3. Nc3 Nf6 4. e5 Nfd7 5. f4 c5 6. Nf3 Nc6 7. Be3 a6 8. Qd2 b5
9. Nd1 Qb6 10. c3 a5 11. Be2 Be7 12. O-O a4 13. g4 a3 14. b3 b4 15. Rc1 Bb7 16.
Kg2 bxc3 17. Nxc3 cxd4 18. Nxd4 Bc5 19. Na4 Rxa4 20. bxa4 Bxd4 21. Bxd4 Qxd4 22.
Qxd4 Nxd4 23. Rc7 Nxe2 24. Rxb7 Ke7 25. Kf3 Nc3 26. Rc1 d4 27. Rc2 Rb8 28. Rxb8
Nxb8 29. f5 Nc6 30. Kf4 Nb4 31. Rd2 Nbxa2 32. f6+ gxf6 33. exf6+ Kxf6 34. g5+
Ke7 35. a5 Nb4 36. a6 Nxa6 0-1